| 000 | 00801nam a22002297a 4500 | ||
|---|---|---|---|
| 999 |
_c12085 _d12085 |
||
| 003 | AR-CdUCM | ||
| 008 | 190405b ||||| |||| 00| 0 spa d | ||
| 040 |
_aMUNICIPALIDAD PROVINCIAL DEL CUSCO _cBIBLIOTECA MUNICIPAL DEL CUSCO |
||
| 082 |
_a330.15 / _bS29 / 1933 |
||
| 100 |
_aScott, Howard _929765 |
||
| 245 | _aTecnocracia / | ||
| 260 |
_aChile : _bEditorial luz, _c1933. |
||
| 300 |
_a47 páginas ; _c17 cm. |
||
| 505 | _aContenido: La tecnocracia -- La técnica contra el sistema de precios -- El mecanismo social y económico actual no responde a los progresos de la técnica... | ||
| 650 |
_aBanqueros _95978 |
||
| 650 |
_aTeoría de los precios _929766 |
||
| 650 |
_aEconomía _9382 |
||
| 700 |
_aSoule, G. _929767 |
||
| 700 |
_aMinard, A. _929768 |
||
| 942 |
_2ddc _cLIBROS |
||
| 945 | _adavv | ||